Представление документа в формате MARC21

Поле Инд. ПП Название Значение
Тип записи a
Библиографический уровень b
001 Контрольный номер 4538145d81944eaab4fe0e3d3525aa38
005 Дата корректировки 20230908100631.4
084 a Индекс другой классификации/Индекс ББК 39.53
100 1_ a Автор Нгуен Вьет Данг
100 1_ a Автор Увайсов С. У.
q Полное имя Увайсов Сайгид Увайсович
100 1_ a Автор Увайсов Р. М.
q Полное имя Увайсов Руслан Магомедович
100 1_ a Автор Демченко С. К.
q Полное имя Демченко Сергей Константинович
245 10 a Заглавие Анализ сил, действующих на летательный аппарат в процессе разбега по взлетной полосе
504 a Библиография Библиогр.: с. 18
520 0_ a Аннотация Анализируются силы, действующие на летательный аппарат в процессе разбега по взлетной полосе. Данный анализ является актуальным и своевременным, поскольку непонимание действующих на самолет сил, а также отсутствие конкретной математической модели, описывающей движение самолета в процессе разбега приводят к трудностям восприятия информации пилотами, их запоздалой реакции на возникшую ситуацию и невозможности обеспечения необходимого уровня безопасности этапа полета. Наличие подобной математической модели позволило бы определить все параметры движения самолета при разбеге, а также принять решение о продолжении или прекращении взлета
650 04 a Основная рубрика машиностроение; летательные аппараты
653 0_ a Ключевые слова взлет самолета
a Ключевые слова математическая модель
a Ключевые слова подъемная сила
a Ключевые слова разбег самолета
a Ключевые слова самолетостроение
a Ключевые слова самолеты
a Ключевые слова сила лобового сопротивления
a Ключевые слова сила лобового сопротивления
a Ключевые слова сила реакции опоры
a Ключевые слова турбореактивный двигатель (ТРД)
a Ключевые слова тяга двигателей
773 18 w Контрольный № источника DU/672766036
t Заглавие источника Вестник Международного университета природы, общества и человека "Дубна" : Серия "Естественные и инженерные науки"
d Дата издания источника 2020
g Прочая информация № 4. - С. 14 - 18 : рис.
901 t Тип документа b